Balthasar Batthyány und seine Bibliothek
Elmentve itt :
| Dokumentumtípus: | Könyv |
|---|---|
| Megjelent: |
2004
|
| Sorozat: | Burgenländische Forschungen Sonderband
26 No. 2 |
| Online Access: | http://misc.bibl.u-szeged.hu/29024 |
| LEADER | 00520nam a2200157 i 4500 | ||
|---|---|---|---|
| 001 | misc29024 | ||
| 005 | 20191121111320.0 | ||
| 008 | 180103s2004 hu o 0|| zxx d | ||
| 020 | |a 390-151-743-X | ||
| 022 | |a 1608-2559 | ||
| 040 | |a SZTE Miscellanea Repozitórium |b hun | ||
| 041 | |a zxx | ||
| 245 | 0 | 0 | |a Balthasar Batthyány und seine Bibliothek |h [elektronikus dokumentum] |
| 260 | |c 2004 | ||
| 490 | 0 | |a Burgenländische Forschungen Sonderband |v 26 No. 2 | |
| 856 | 4 | 0 | |u http://misc.bibl.u-szeged.hu/29024/1/batth_bold.pdf |z Dokumentum-elérés |